000 00804nam a2200181 i 4500
001 165245
003 ES-MaACL
005 20230906213108.0
008 000118s1894 sp |||| | spa d
100 1 _aSerrano Fatigati, Enrique.
_9132669
245 1 0 _aDatos para el inventario monumental de España
_b: arte latino-bizantino y románico : conferencia dada en el Círculo de Bellas Artes la noche del 21 de abril de 1894 /
_cpor el Ilmo. Señor D. Enrique Serrano Fatigati.
260 _aMadrid :
_b[Circulo de Bellas Artes],
_c1894 (
_fEnrique Jaramillo, imp.)
300 _a26 p. ;
_c22 cm.
500 _aDescripción basada en cub.
596 _aMarca tip. en port.
650 0 4 _aArte románico-
_zEspaña.
_910305
852 _aES-MaACL
_jFol-Laf-264
_z- Rúst.
_z. - Legado de Modesto de la Fuente
999 _c165245
_d165245